Russian language in a new way Part 1 (3rd edition) (Record no. 56867)

MARC details
000 -LEADER
fixed length control field 00605nam a2200169 a 4500
008 - FIXED-LENGTH DATA ELEMENTS--GENERAL INFORMATION
fixed length control field 210303s2010 ||||||||||||||||| || u
020 ## - INTERNATIONAL STANDARD BOOK NUMBER
International Standard Book Number 9785911344658
050 ## - LIBRARY OF CONGRESS CALL NUMBER
Classification number PG 2900 Aks
100 ## - MAIN ENTRY--PERSONAL NAME
Personal name Aksenova, M.P
245 10 - TITLE STATEMENT
Title Russian language in a new way Part 1 (3rd edition)
Statement of responsibility, etc. M.P Aksenova
250 ## - EDITION STATEMENT
Edition statement 3rd edition
260 ## - PUBLICATION, DISTRIBUTION, ETC.
Place of publication, distribution, etc. Moscow
Name of publisher, distributor, etc. Forum
Date of publication, distribution, etc. 2010
300 ## - PHYSICAL DESCRIPTION
Extent 645 pages: illustrations
500 ## - GENERAL NOTE
General note Includes CD
650 ## - SUBJECT ADDED ENTRY--TOPICAL TERM
Topical term or geographic name entry element RUSSIAN LITERATURE
995 ## - RECOMMENDATION 995 [LOCAL, UNIMARC FRANCE]
-- CBU-MAIN LIBRARY (Kitwe)
-- 1
-- AVAILABLE
-- Mar 3, 2021
-- Main Library Open Access Collection
Holdings
Withdrawn status Lost status Source of classification or shelving scheme Damaged status Not for loan Home library Current library Shelving location Date acquired Total Checkouts Full call number Barcode Date last seen Price effective from Koha item type
          CBU-MAIN LIBRARY, KITWE. CBU-MAIN LIBRARY, KITWE.   11/30/2022   PG 2900 Aks 750880 11/30/2022 11/30/2022 MONOGRAPH